| 000 | 00387nam a2200145 a 4500 | ||
|---|---|---|---|
| 999 |
_c5202 _d5202 |
||
| 001 | 5202 | ||
| 003 | CDMR | ||
| 005 | 20231018130100.0 | ||
| 008 | 130130s1989||||||||||||||||||||||||||||d | ||
| 040 |
_aCDMR _bcat _cCDMR |
||
| 100 | 0 |
_93026 _aColita |
|
| 245 | 1 | 0 |
_aMasies del Prat _cfotografies de Colita |
| 260 |
_aEl Prat de Llobregat _c1989 _bAjuntament del Prat de Llobregat |
||
| 942 |
_cMON _2udc |
||